| 000 | 00915nam a2200253 i 4500 | ||
|---|---|---|---|
| 003 | CO-ViMGA | ||
| 005 | 20230915224425.0 | ||
| 008 | 201201s2020 ck ||||j |||| 00| p spa d | ||
| 020 | _a9789585305601 | ||
| 040 |
_aCO-ViMGA _bspa _cCO-ViMGA |
||
| 084 | _aP BUS6 | ||
| 100 | 1 |
_aBustos Aguirre, Romulo _d1954- _eautor _94381 |
|
| 245 | 1 | 0 |
_aParabolas del vuelo : _bantologia / _cRomulo Bustos Aguirre |
| 250 | _aEdicion especial | ||
| 260 |
_aMedellin : _bFrailejon Editores, _c2020 |
||
| 300 |
_a96 paginas _b15 cm |
||
| 490 | 0 | _aPlan Nacional de Lectura y Escritura Leer es mi Cuento / Ministerio de Cultura | |
| 650 | 1 | 7 |
_2LEMB _aAmor _vPoesia _9161766 |
| 650 | 1 | 7 |
_2LEMB _aAutores colombianos _y Siglo XX _93714 |
| 650 | 1 | 7 |
_2LEMB _aLiteratura juvenil colombiana _y Siglo XX _910133 |
| 650 | 1 | 7 |
_2LEMB _aNaturaleza _vPoesia _918391 |
| 650 | 1 | 7 |
_2LEMB _aPoesia juvenil colombiana _ySiglo XX _947166 |
| 942 |
_2ddc _cBK |
||
| 999 |
_c9046 _d9046 |
||